La motivación como factor de influencia en el desempeño laboral del área docente del ITSTA

Saved in:
書目詳細資料
企業作者: e-libro, Corp
其他作者: Velasco Lince, Elva Monserrat
格式: 電子書
語言:西班牙语
出版: [s. n.] : [s. I.], [2012]
主題:
在線閱讀:https://elibro.unach.elogim.com/es/lc/unach/titulos/30122
標簽: 添加標簽
沒有標簽, 成為第一個標記此記錄!

MARC

LEADER 00000nam a2200000 a 4500
001 ELB30122
003 FlNmELB
006 m o d |
007 cr cn|||||||||
008 201211r2012 mx |||||s|||||||||||spa d
035 |a (MiAaPQ)EBC3200520 
035 |a (Au-PeEL)EBL3200520 
035 |a (CaPaEBR)ebr10577091 
035 |a (OCoLC)929378980 
040 |a FlNmELB  |b spa  |c FlNmELB 
050 4 |a LB41  |b M918 2012 
080 |a 37 
082 0 4 |a 370  |2 22 
245 0 3 |a La motivación como factor de influencia en el desempeño laboral del área docente del ITSTA  |h [recurso electronico] /  |c Elva Monserrat Velasco Lince ...[et al.]. 
260 |a [s. n.] :  |b [s. I.],  |c [2012] 
300 |a 137 p. 
533 |a Recurso electrónico. Santa Fe, Arg.: e-libro, 2015. Disponible vía World Wide Web. El acceso puede estar limitado para las bibliotecas afiliadas a e-libro. 
650 4 |a Educación. 
650 4 |a Education. 
655 4 |a Libros electrónicos. 
700 1 |a Velasco Lince, Elva Monserrat. 
710 2 |a e-libro, Corp. 
856 4 0 |u https://elibro.unach.elogim.com/es/lc/unach/titulos/30122